CRC concise encyclopedia of mathematics

Uloženo v:
Podrobná bibliografie
Hlavní autor: Weisstein, Eric W.
Médium: Kniha
Jazyk:Undetermined
Vydáno: Chapman & Hall 2003
Témata:
Tagy: Přidat tag
Žádné tagy, Buďte první, kdo otaguje tento záznam!
Thư viện lưu trữ: Trung tâm Học liệu Trường Đại học Cần Thơ
LEADER 00511nam a2200193Ia 4500
001 CTU_105691
008 210402s9999 xx 000 0 und d
020 |c 74.66 
082 |a 510.3 
082 |b W429 
100 |a Weisstein, Eric W. 
245 0 |a CRC concise encyclopedia of mathematics 
245 0 |c Eric W. Weisstein 
260 |b Chapman & Hall 
260 |c 2003 
650 |a Mathematics 
650 |x Encyclopedias 
904 |i Tuyến 
980 |a Trung tâm Học liệu Trường Đại học Cần Thơ